[Event "NZ Junior 2011"]
[Site "?"]
[Date "2011.07.28"]
[Round "5.4"]
[White "Li, William"]
[Black "Zhan, Judd"]
[Result "1-0"]
[WhiteElo "1975"]
[BlackElo "1533"]
[PlyCount "69"]
[EventDate "2011.07.29"]
[SourceDate "2011.07.29"]

1. e4 g6 2. d4 Bg7 3. Nf3 c5 4. c3 b6 5. Be3 Bb7 6. Nbd2 d6 7. Bd3 Nf6 8. h3
O-O 9. O-O Nbd7 10. Nh2 e5 11. d5 Rc8 12. c4 Rb8 13. Qe2 Ba6 14. g4 Ne8 15. Kg2
Nc7 16. a4 Qe7 17. Rh1 Bf6 18. Nhf3 h5 19. gxh5 gxh5 20. Rhg1 Bg7 21. Kh1 Rfd8
22. Nf1 Ne8 23. Ng3 Ndf6 24. Nf5 Qf8 25. Bh6 Kh7 26. Bxg7 Nxg7 27. Rxg7+ Qxg7
28. Nxg7 Kxg7 29. Rg1+ Kf8 30. Nh4 Bc8 31. Qf3 Ne8 32. Ng6+ Kg7 33. Nxe5+ Kf8
34. Rg8+ Kxg8 35. Qxf7+ {Black resigns} 1-0

[Event "NZ Junior 2011"]
[Site "?"]
[Date "2011.12.28"]
[Round "5.5"]
[White "Jia, Hao"]
[Black "Zhang, Leo"]
[Result "1/2-1/2"]
[WhiteElo "1781"]
[BlackElo "1554"]
[PlyCount "72"]
[EventDate "2011.07.29"]
[SourceDate "2011.07.29"]

1. e4 c5 2. Nf3 e6 3. d4 cxd4 4. Nxd4 a6 5. Nc3 Qc7 6. Be3 Nf6 7. a3 b5 8. Bd3
Bb7 9. O-O Be7 10. Re1 O-O 11. f3 d6 12. Qe2 Nbd7 13. Qf2 Rfd8 14. Rac1 Rac8
15. Red1 Bf8 16. Nb3 Nc5 17. Bf1 Ncd7 18. Bd3 d5 19. exd5 exd5 20. Bd4 Bd6 21.
g3 Re8 22. Bxb5 axb5 23. Nxb5 Qc6 24. Na7 Qa6 25. Nxc8 Bxc8 26. Re1 Rd8 27. Nc5
Qc6 28. Nxd7 Nxd7 29. Kg2 Nf8 30. b4 Qd7 31. Bb6 Qh3+ 32. Kg1 Rd7 33. Re8 Bb7
34. Bc5 h5 35. Bxd6 Rxd6 36. Qd4 Rg6 {Draw agreed} 1/2-1/2

[Event "NZ Junior 2011"]
[Site "?"]
[Date "2011.07.28"]
[Round "5.6"]
[White "Li, Jiapeng"]
[Black "Zhu, Martin"]
[Result "1-0"]
[WhiteElo "1662"]
[BlackElo "1173"]
[PlyCount "41"]
[EventDate "2011.07.29"]
[SourceDate "2011.07.29"]

1. e4 e6 2. d4 d5 3. exd5 exd5 4. a3 Nf6 5. Nc3 Be7 6. Bb5+ c6 7. Be2 Be6 8. h3
Nbd7 9. Nf3 h6 10. Bf4 O-O 11. Ne5 b6 12. Nxc6 Qe8 13. Nb5 Bd8 14. Nd6 Rc8 15.
Nxe8 Rxc6 16. Nxf6+ Nxf6 17. Bb5 Rc7 18. Bxc7 Bxc7 19. O-O Bd6 20. Re1 Rc8 {
Now one of four(!) scoresheets has White playing Rc1, while the others have
White playing:} 21. Re2 {Black resigns} 1-0

[Event "NZ Junior 2011"]
[Site "?"]
[Date "2011.07.28"]
[Round "5.7"]
[White "Qin, Joy"]
[Black "Zhu, Crystal"]
[Result "1-0"]
[WhiteElo "1251"]
[BlackElo "1155"]
[PlyCount "65"]
[EventDate "2011.07.29"]
[SourceDate "2011.07.29"]

1. e4 e6 2. d4 d5 3. Nc3 Bb4 4. e5 c5 5. a3 Qa5 6. Bd2 cxd4 7. axb4 Qc7 8. Nb5
Qxe5+ 9. Qe2 Qxe2+ 10. Bxe2 Kd7 11. Rxa7 Rxa7 12. Nxa7 Nc6 13. Nxc6 bxc6 14.
Nf3 Nf6 15. Ne5+ Ke7 16. Nxc6+ Kd6 17. Nxd4 Bb7 18. O-O Rc8 19. Bf4+ e5 20.
Nf5+ Kd7 21. Bxe5 Rxc2 22. Bb5+ Ke6 23. Nd4+ Kxe5 24. Nxc2 Ne4 25. f4+ Kf5 26.
Nd4+ Kg4 27. Bd7+ Kh5 28. g4+ Kg6 29. Bf5+ Kf6 30. g5+ Ke7 31. Bxe4 dxe4 32.
Nf5+ Kf8 33. Rd1 {Black resigns} 1-0

[Event "NZ Junior 2011"]
[Site "?"]
[Date "2011.07.28"]
[Round "5.8"]
[White "Kong-Lim, Qi Le"]
[Black "James, Jack"]
[Result "1-0"]
[WhiteElo "1535"]
[BlackElo "1784"]
[PlyCount "41"]
[EventDate "2011.07.29"]
[SourceDate "2011.07.29"]

1. e4 e5 2. Nc3 Nc6 3. f4 d6 4. Nf3 Bg4 5. h3 Bxf3 6. Qxf3 Nd4 7. Qd3 Nc6 8.
Qg3 exf4 9. Qxf4 Nf6 10. d3 Qd7 11. Be3 O-O-O 12. O-O-O d5 13. d4 dxe4 14. Nxe4
Nd5 15. Qg3 Nxe3 16. Qxe3 Nxd4 17. Bc4 Bc5 18. Nxc5 Qc6 19. Rxd4 Rde8 20. Qf2
b6 21. Qf5+ {Black resigns} 1-0

[Event "NZ Junior 2011"]
[Site "?"]
[Date "2011.07.28"]
[Round "5.9"]
[White "Dong, Olivia"]
[Black "Zhu, Leo"]
[Result "0-1"]
[WhiteElo "1167"]
[BlackElo "1625"]
[PlyCount "76"]
[EventDate "2011.07.29"]
[SourceDate "2011.07.29"]

1. d4 Nf6 2. Bf4 d6 3. Nf3 g6 4. e3 Bg7 5. h3 O-O 6. c3 Bd7 7. Nbd2 c5 8. Bd3
cxd4 9. exd4 Nc6 10. Bb5 Rc8 11. Bxc6 Bxc6 12. O-O b5 13. b3 Nd5 14. Bh2 Nxc3
15. Qc2 Ne2+ 16. Kh1 Bxf3 17. Qd3 Bxg2+ 18. Kxg2 Nxd4 19. Nf3 Nxf3 20. Kxf3 Rc3
21. Qxc3 Bxc3 22. Rac1 Qa8+ 23. Kg3 Be5+ 24. f4 Bf6 25. Kf2 Rc8 26. Rce1 Rc2+
27. Re2 Bh4+ 28. Ke3 Rxe2+ 29. Kxe2 Qg2+ 30. Kd3 Qxh3+ 31. Kd4 Qxf1 32. Kd5
Qg2+ 33. Kd4 Qxh2 34. Kd5 Bf6 35. Kc6 Qxa2 36. Kd7 Qxb3 37. Ke8 Qc4 38. f5 Qc8#
0-1

[Event "NZ Junior 2011"]
[Site "?"]
[Date "2011.07.28"]
[Round "5.10"]
[White "Fan, Cathy"]
[Black "Lam, Byron"]
[Result "0-1"]
[WhiteElo "1334"]
[BlackElo "1582"]
[PlyCount "118"]
[EventDate "2011.07.29"]
[SourceDate "2011.07.29"]

1. e4 c5 2. Nf3 d6 3. d4 cxd4 4. Nxd4 Nf6 5. Nc3 g6 6. Bc4 Bg7 7. O-O O-O 8.
Be3 Nc6 9. Nde2 Bd7 10. Qd2 Ng4 11. Bf4 Rc8 12. a3 Nce5 13. Bb3 Nc4 14. Bxc4
Rxc4 15. h3 Nf6 16. Be3 a6 17. f3 Be6 18. Rfd1 b5 19. e5 Ne8 20. exd6 Nxd6 21.
Bf4 Qb6+ 22. Be3 Qc7 23. Kh1 Nf5 24. Bf4 Qb6 25. Bh2 Qc6 26. Bg1 Nh4 27. Qe3
Rc8 28. Qb6 Bxh3 29. Qxc6 Bxg2+ 30. Kh2 R8xc6 31. Kg3 Bxf3 32. Bd4 Bxe2 33.
Nxe2 Nf5+ 34. Kg2 Bxd4 35. Nxd4 Nxd4 36. c3 Nf5 37. Rd8+ Kg7 38. Rad1 Ne3+ 39.
Kf2 Nxd1+ 40. Rxd1 Rf6+ 41. Kg3 h5 42. Rd7 Rg4+ 43. Kh3 Rf1 44. Rd2 Rh1+ 45.
Rh2 Rxh2+ 46. Kxh2 Re4 47. b4 Re1 48. Kh3 e5 49. Kh2 Rf1 50. Kg2 Rf6 51. c4
bxc4 52. a4 c3 53. b5 c2 54. bxa6 c1=Q 55. a7 Qf1+ 56. Kg3 Qg1+ 57. Kh3 Rf3+
58. Kh4 g5+ 59. Kxh5 Rh3# 0-1

[Event "NZ Junior 2011"]
[Site "?"]
[Date "2011.07.28"]
[Round "5.11"]
[White "Chen, Catherin"]
[Black "Chen, Johnson"]
[Result "1-0"]
[WhiteElo "1077"]
[BlackElo "1511"]
[PlyCount "103"]
[EventDate "2011.07.29"]
[SourceDate "2011.07.29"]

1. e4 e5 2. Nf3 Nc6 3. Bc4 Bc5 4. d3 h6 5. O-O Nf6 6. Nc3 O-O 7. h3 d6 8. Nd5
Nxd5 9. Bxd5 Ne7 10. Bc4 Ng6 11. c3 Bb6 12. d4 exd4 13. cxd4 Re8 14. Re1 Nh4
15. e5 dxe5 16. Nxe5 Be6 17. d5 Qf6 18. Be3 Bxe3 19. Rxe3 Rad8 20. Qb3 Nf5 21.
dxe6 fxe6 22. Ng4 Qg5 23. Bxe6+ Kh8 24. Bxf5 Qxf5 25. Rxe8+ Rxe8 26. Qxb7 Re2
27. b4 h5 28. Kf1 Rc2 29. Qf3 Qxf3 30. gxf3 hxg4 31. fxg4 Rc3 32. Kg2 Rc4 33.
a3 Rc3 34. f3 Kh7 35. Kg3 Kg6 36. h4 Kf6 37. a4 Rb3 38. b5 Rb4 39. Rc1 Rxa4 40.
Rxc7 a5 41. g5+ Kg6 42. b6 Rb4 43. b7 Rb6 44. Kg4 Rb4+ 45. f4 Rb1 46. h5+ Kh7
47. h6 a4 48. Kh5 Rb5 49. f5 Rxf5 50. b8=Q Rxg5+ 51. Kxg5 a3 52. Rxg7# 1-0

[Event "NZ Junior 2011"]
[Site "?"]
[Date "2011.07.28"]
[Round "5.12"]
[White "Zhu, Karl"]
[Black "Lim, Arvin"]
[Result "1-0"]
[WhiteElo "1488"]
[BlackElo "874"]
[PlyCount "103"]
[EventDate "2011.07.29"]
[SourceDate "2011.07.29"]

1. e4 e6 2. d4 d5 3. Nc3 c5 4. Be3 cxd4 5. Bxd4 Nc6 6. Nf3 Nxd4 7. Nxd4 Bd6 8.
Bd3 Nf6 9. exd5 exd5 10. O-O O-O 11. Nce2 Bd7 12. c4 dxc4 13. Bxc4 Qc7 14. Rc1
Bc8 15. Nf3 Bg4 16. Ng3 Rad8 17. Qb3 Bxf3 18. gxf3 Qd7 19. Rfe1 Rb8 20. Qe3 a6
21. Rcd1 Rbd8 22. Bd3 Qh3 23. Qg5 h6 24. Qa5 Qh4 25. Qb6 Nh5 26. Qxb7 Bc5 27.
Re4 Qg5 28. Rg4 Qe5 29. Qe4 Qxe4 30. Nxe4 f5 31. Nxc5 fxg4 32. Ne6 Rxd3 33.
Rxd3 Re8 34. fxg4 Rxe6 35. gxh5 Re2 36. Rd6 Rxb2 37. Rxa6 Rb5 38. a4 Rxh5 39.
Ra7 Rg5+ 40. Kf1 Rh5 41. Kg2 Kh7 42. a5 Kg6 43. a6 Ra5 44. Kf3 Kf5 45. Rf7+ Kg6
46. Ra7 Kf5 47. Kg3 g5 48. Ra8 Ra3+ 49. Kg2 h5 50. a7 h4 51. Rf8+ Kg6 52. a8=Q
{Black resigns} 1-0

[Event "NZ Junior 2011"]
[Site "?"]
[Date "2011.07.28"]
[Round "5.13"]
[White "Qian, Bella"]
[Black "Wang, George"]
[Result "1-0"]
[WhiteElo "973"]
[BlackElo "1485"]
[PlyCount "73"]
[EventDate "2011.07.29"]
[SourceDate "2011.07.29"]

1. e4 c5 2. Nf3 d6 3. d4 cxd4 4. Nxd4 Nf6 5. Nc3 g6 6. f3 Bg7 7. Be3 Nc6 8. Nb3
O-O 9. Qd2 Bd7 10. g4 Ne5 11. Be2 Be6 12. Nd4 Bd7 13. h4 Rc8 14. h5 Nc4 15.
Bxc4 Rxc4 16. Nb3 a6 17. hxg6 hxg6 18. Bh6 Bh8 19. Bxf8 Qxf8 20. Qh2 Qg7 21.
O-O-O b5 22. Rdg1 Be6 23. Rg3 Kf8 24. Rh3 Ke8 25. Rxh8+ Kd7 26. g5 Ne8 27. Qh6
Qe5 28. Qf8 Qxg5+ 29. Kb1 Rc8 30. Qh6 Qg3 31. Qe3 Nc7 32. Rxc8 Kxc8 33. Na5 Kd7
34. Rh8 g5 35. Kc1 g4 36. Qb6 Qg1+ 37. Qxg1 {Black resigns} 1-0

[Event "NZ Junior 2011"]
[Site "?"]
[Date "2011.07.28"]
[Round "5.14"]
[White "Fan, Allen"]
[Black "Geng, Karen"]
[Result "1-0"]
[WhiteElo "1153"]
[BlackElo "1279"]
[PlyCount "123"]
[EventDate "2011.07.29"]
[SourceDate "2011.07.29"]

1. e4 d5 2. exd5 Nf6 3. Nf3 Nxd5 4. Bc4 Nb6 5. Bb3 c5 6. a3 c4 7. Ba2 Nc6 8.
Nc3 Bg4 9. h3 Bh5 10. b3 e5 11. g4 Bg6 12. Bb2 Bd6 13. h4 f6 14. h5 Bf7 15. h6
g5 16. Nh2 cxb3 17. cxb3 Bg6 18. Bb1 Bf7 19. Ba2 Nd4 20. Ne2 Bd5 21. Rf1 Bf3
22. Bxd4 Bxe2 23. Qxe2 Qe7 24. Bxb6 axb6 25. Qb5+ Qd7 26. Qxd7+ Kxd7 27. a4 e4
28. Rh1 b5 29. Bb1 Bb4 30. Bxe4 Rae8 31. f3 Re5 32. Kf2 Bc5+ 33. Kg3 Bd6 34.
Kg2 Rc5 35. d4 Rc3 36. Rab1 b4 37. Rhc1 Rhc8 38. Bf5+ Kd8 39. Bxc8 Kxc8 40.
Rxc3+ bxc3 41. Rc1 Bb4 42. Nf1 Kd7 43. Ne3 Kd6 44. Nf5+ Kd5 45. Kg3 b6 46. f4
Ba5 47. fxg5 fxg5 48. Kf3 Bb4 49. Ke3 Ba5 50. Ng3 Kc6 51. Ne4 b5 52. Nxg5 b4
53. Nxh7 Bd8 54. g5 Kd6 55. g6 Ke6 56. Rf1 c2 57. g7 Bf6 58. g8=Q+ Ke7 59. d5
Bb2 60. Qe6+ Kd8 61. Rf8+ Kc7 62. Qc6# 1-0

[Event "NZ Junior 2011"]
[Site "?"]
[Date "2011.07.28"]
[Round "5.15"]
[White "Jiang, Rocky"]
[Black "Yan, Caroline"]
[Result "1-0"]
[WhiteElo "1070"]
[BlackElo "957"]
[PlyCount "93"]
[EventDate "2011.07.29"]
[SourceDate "2011.07.29"]

1. e4 e5 2. Nf3 Nc6 3. d4 exd4 4. Bc4 Bb4+ 5. c3 dxc3 6. bxc3 Ba5 7. Ng5 Ne5 8.
Nxf7 Nxf7 9. Bxf7+ Kxf7 10. Qh5+ g6 11. Qxa5 Nf6 12. O-O Re8 13. e5 Ng4 14. Re1
d6 15. Bf4 Nxe5 16. Nd2 Qf6 17. Bxe5 Rxe5 18. Qxc7+ Kg8 19. Rxe5 Qxe5 20. Nf3
Qd5 21. c4 Qc5 22. Qd8+ Kg7 23. Qe7+ Kg8 24. Ng5 Qxc4 25. Qxh7+ Kf8 26. Qh8+
Ke7 27. Qg7+ Kd8 28. Nf7+ Ke8 29. Nxd6+ Kd8 30. Nxc4 Bd7 31. Rd1 Ke8 32. Qxd7+
Kf8 33. Qxb7 Re8 34. Nd6 Re7 35. Qc8+ Kg7 36. Qg4 a6 37. Nf5+ Kf7 38. Nxe7 Kxe7
39. Rd7+ Kf6 40. Qd4+ Kf5 41. g4+ Kg5 42. Qe4 a5 43. Rd5+ Kh6 44. Rd6 Kh7 45.
g5 a4 46. Qe7+ Kg8 47. Rd8# 1-0

[Event "NZ Junior 2011"]
[Site "?"]
[Date "2011.07.28"]
[Round "5.16"]
[White "Gong, Daniel"]
[Black "Jin, Kelvin"]
[Result "0-1"]
[WhiteElo "817"]
[BlackElo "1091"]
[PlyCount "80"]
[EventDate "2011.07.29"]
[SourceDate "2011.07.29"]

1. e4 e5 2. Nf3 Nc6 3. Bc4 Bc5 4. c3 Nf6 5. d4 exd4 6. cxd4 Bb4+ 7. Bd2 Bxd2+
8. Nbxd2 d5 9. exd5 Nxd5 10. Qe2+ Be6 11. Bb5 Qd7 12. Ne5 Qd6 13. a3 O-O 14.
Ndc4 Nxd4 15. Qd2 Qc5 16. O-O Nxb5 17. b4 Qe7 18. Na5 Nd6 19. Nf3 Nf6 20. Rfe1
Qd7 21. Ne5 Qb5 22. Rac1 Bd5 23. Rxc7 b6 24. Nb3 Bxb3 25. Qxd6 Ne8 26. Qc6 Nxc7
27. Qxc7 Rfe8 28. Re3 Rac8 29. Qxc8 Rxc8 30. h3 Qa4 31. Kh2 Qxa3 32. Nc6 Rf8
33. Ne7+ Kh8 34. Nc6 Qa4 35. Ne5 Qxb4 36. Nd7 Qd6+ 37. Ne5 Re8 38. f4 Qd4 39.
Nxf7+ Bxf7 40. Rf3 a5 {White resigns} 0-1

[Event "NZ Junior 2011"]
[Site "?"]
[Date "2011.07.28"]
[Round "5.18"]
[White "Li, Rodney"]
[Black "Timergazi, Layla"]
[Result "1/2-1/2"]
[WhiteElo "790"]
[BlackElo "1514"]
[Annotator "E Green"]
[PlyCount "141"]
[EventDate "2011.07.29"]
[SourceDate "2011.07.29"]

1. e4 c6 2. d4 d5 3. Nc3 dxe4 4. Nxe4 Bf5 5. Nc3 Nf6 6. Nf3 Nbd7 7. Bd3 Bxd3 8.
Qxd3 e6 9. Bg5 Be7 10. O-O O-O 11. Ne5 Nxe5 12. dxe5 Ng4 {The quality of play
by both players from here until the very last moves is extremely impressive.}
13. Qxd8 Bxd8 14. Bxd8 Rfxd8 15. Rfe1 Rd2 16. Re4 h5 17. f3 Nh6 18. Rd1 Rad8
19. Rxd2 Rxd2 20. Re2 Rd7 21. Kf2 Nf5 22. Ke1 Rd4 23. h3 Ng3 24. Rd2 Rb4 25. b3
a6 26. Kf2 Nf5 27. g4 hxg4 28. hxg4 Rd4 29. Rd3 Rxd3 30. cxd3 Ne7 31. Ne4 b5
32. Nc5 a5 33. Nb7 a4 34. bxa4 bxa4 35. a3 Nc8 36. Ke3 Kf8 37. Kd4 Ke7 38. Nc5
Nb6 39. Kc3 Nd5+ 40. Kc4 Kd8 41. Nxa4 Nf4 42. Nc5 Ng6 43. d4 Nh4 44. a4 Nxf3
45. a5 Kc7 46. Nb3 Kb7 47. Kc5 Nh2 48. Kd6 Nxg4 49. Ke7 Nh6 50. Kf8 g5 51. Nc5+
Ka7 52. Ne4 g4 53. Ke7 Nf5+ 54. Kxf7 Nxd4 55. Kg6 c5 56. Kg5 g3 57. Nxg3 c4 58.
Ne4 Ka6 59. Kf4 Kxa5 60. Ke3 Nc6 61. Nc5 Nxe5 62. Nxe6 c3 63. Nd4 Kb4 64. Ke4
Nc4 65. Nc2+ Kb3 66. Nd4+ Kb2 67. Kd3 Ne5+ 68. Ke2 Nc6 69. Nf3 $6 (69. Nxc6 $5
c2 70. Nb4 $1 $11) 69... c2 $6 70. Ne1 $1 Nd4+ 71. Kf2 $1 {Draw agreed} 1/2-1/2

[Event "NZ Junior 2011"]
[Site "?"]
[Date "2011.07.28"]
[Round "5.19"]
[White "Qin, Nicole"]
[Black "Yan, Sarah"]
[Result "0-1"]
[WhiteElo "544"]
[BlackElo "920"]
[PlyCount "90"]
[EventDate "2011.07.29"]
[SourceDate "2011.07.29"]

1. e4 e5 2. Nf3 Nc6 3. d4 exd4 4. Bc4 Bb4+ 5. c3 dxc3 6. bxc3 Bd6 7. Ng5 Ne5 8.
Nxf7 Nxf7 9. Bxf7+ Kxf7 10. Be3 Nf6 11. Nd2 Re8 12. Qf3 Kg8 13. O-O Qe7 14. Bg5
Rf8 15. Bxf6 Rxf6 16. Qh5 Rh6 17. Qd5+ Qe6 18. Qxe6+ Rxe6 19. Rfe1 b6 20. Nf3
Bb7 21. Ng5 Re7 22. Re3 Bf4 23. Rf3 Bxg5 24. Rg3 Bf6 25. Re1 Rxe4 26. Rxe4 Bxe4
27. f3 Bd5 28. Kf2 Bh4 29. Ke3 Bxg3 30. hxg3 Bxa2 31. f4 Re8+ 32. Kf2 Bc4 33.
Kg1 a5 34. Kh2 a4 35. g4 a3 36. f5 a2 37. g3 a1=Q 38. Kg2 Qxc3 39. Kh3 Re3 40.
Kh4 Bf7 41. Kg5 Rxg3 42. Kf4 Rf3+ 43. Ke4 Rh3 44. Kf4 Qd4+ 45. Kg5 h6# 0-1

[Event "NZ Junior 2011"]
[Site "?"]
[Date "2011.07.28"]
[Round "5.20"]
[White "Simmons, Joshua"]
[Black "Wang, Aaron"]
[Result "1-0"]
[WhiteElo "808"]
[BlackElo "547"]
[PlyCount "45"]
[EventDate "2011.07.29"]
[SourceDate "2011.07.29"]

1. e4 e5 2. Nf3 Nc6 3. Bc4 Bc5 4. O-O Nf6 5. d3 O-O 6. Nc3 h6 7. Nd5 Nxd5 8.
Bxd5 Nb4 9. Nxe5 Nxd5 10. exd5 Bd6 11. Nc4 Re8 12. Nxd6 cxd6 13. Qg4 Kh8 14. b3
Qa5 15. Bb2 Rg8 16. Rfe1 Qd8 17. Re3 b6 18. Rae1 Bb7 19. Re8 Qc7 20. Rxg8+ Rxg8
21. Re8 f6 22. Bxf6 gxf6 23. Qxg8# 1-0

[Event "NZ Junior 2011"]
[Site "?"]
[Date "2011.07.28"]
[Round "5.22"]
[White "Li, Leo"]
[Black "Lin, Anna"]
[Result "0-1"]
[WhiteElo "637"]
[BlackElo "1001"]
[PlyCount "68"]
[EventDate "2011.07.29"]
[SourceDate "2011.07.29"]

1. e4 e6 2. d4 d5 3. e5 c5 4. Nf3 Nc6 5. Bb5 Bd7 6. Bxc6 Bxc6 7. O-O Qb6 8. b3
f6 9. Re1 g6 10. exf6 Nxf6 11. Rxe6+ Be7 12. Bg5 Kf7 13. Qe2 Rhe8 14. Nh4 cxd4
15. Na3 d3 16. cxd3 Qd4 17. Nc2 Qb2 18. Re1 Ne4 19. Bxe7 Rxe7 20. Rxe7+ Kxe7
21. f3 Kd6 22. dxe4 Re8 23. e5+ Kc7 24. Nd4 Qxd4+ 25. Kh1 Qxh4 26. Rc1 Kb8 27.
g3 Qd4 28. e6 Qb6 29. e7 d4 30. Rd1 h5 31. h4 Qc7 32. Re1 Qxg3 33. Qh2 Bxf3+
34. Qg2 Qxg2# 0-1

[Event "NZ Junior 2011"]
[Site "?"]
[Date "2011.07.28"]
[Round "6.1"]
[White "Li, Luke"]
[Black "Li, Jiapeng"]
[Result "1-0"]
[WhiteElo "2223"]
[BlackElo "1662"]
[PlyCount "69"]
[EventDate "2011.07.29"]
[SourceDate "2011.07.29"]

1. d4 d5 2. c4 c6 3. Nf3 Nf6 4. Nc3 h6 5. Bf4 Qb6 6. Qc2 Bg4 7. Ne5 Be6 8. e3
Nbd7 9. cxd5 Nxd5 10. Bg3 Nxe5 11. Bxe5 Nxc3 12. bxc3 Qd8 13. Bd3 f6 14. Bg3
Bf7 15. O-O e6 16. c4 Bd6 17. Rab1 Bxg3 18. hxg3 b6 19. c5 b5 20. a4 a6 21. Be4
Qc7 22. axb5 axb5 23. Rxb5 O-O 24. Rb6 Rfc8 25. Rxc6 Qxc6 26. Bxc6 Rxc6 27. Qb3
Rac8 28. Ra1 R6c7 29. Qb6 Rc6 30. Ra8 Kh7 31. Rxc8 Rxc8 32. Qb7 Rf8 33. c6 e5
34. Qe7 Kg8 35. c7 {Black resigns} 1-0

[Event "NZ Junior 2011"]
[Site "?"]
[Date "2011.07.28"]
[Round "6.2"]
[White "Zhang, William"]
[Black "Li, William"]
[Result "0-1"]
[WhiteElo "1667"]
[BlackElo "1975"]
[PlyCount "52"]
[EventDate "2011.07.29"]
[SourceDate "2011.07.29"]

1. e4 c5 2. Nf3 d6 3. d4 cxd4 4. Nxd4 Nf6 5. Nc3 a6 6. f3 e5 7. Nb3 Be6 8. Be3
Be7 9. Qd2 Nbd7 10. O-O-O b5 11. g4 Nb6 12. Qf2 Nc4 13. Bxc4 Bxc4 14. Na5 Qc8
15. h4 Be6 16. Kb1 b4 17. Na4 Rb8 18. h5 Nd7 19. Nb6 Nxb6 20. Bxb6 Qd7 21. Nb3
Qc6 22. Ba7 Rb5 23. Rhe1 a5 24. Rc1 a4 25. Nd2 a3 26. c4 bxc3 {White resigns}
0-1

[Event "NZ Junior 2011"]
[Site "?"]
[Date "2011.07.28"]
[Round "6.3"]
[White "Gao, Hans"]
[Black "Ang, Alphaeus"]
[Result "1-0"]
[WhiteElo "2124"]
[BlackElo "1613"]
[PlyCount "125"]
[EventDate "2011.07.29"]
[SourceDate "2011.07.29"]

1. e4 Nc6 2. Nf3 d5 3. exd5 Qxd5 4. Nc3 Qd6 5. d4 Bf5 6. Nb5 Qd7 7. Bf4 Rc8 8.
Bc4 a6 9. Na7 $3 e6 10. Nxc8 Qxc8 11. O-O Nf6 12. Ne5 Nxe5 13. dxe5 Nd7 14. Bd3
Bxd3 15. Qxd3 Be7 16. Rad1 Nb6 17. c4 O-O 18. Be3 c5 19. b3 Qc7 20. Qe4 a5 21.
Bd2 Ra8 22. a4 Nd7 23. Bc3 Nf8 24. Rd3 Rc8 25. Rfd1 b6 26. h4 h6 27. h5 Qc6 28.
Qg4 g6 29. hxg6 fxg6 30. Rh3 Kh7 31. Rdd3 Qe8 32. Bd2 h5 33. Qe4 Kg7 34. g4 Rd8
35. gxh5 Rxd3 36. Rxd3 gxh5 37. Rg3+ Ng6 38. Qf4 Qh8 39. Qe4 Qe8 40. Qb7 Qd8
41. Bg5 Kf7 42. Qf3+ Kg7 43. Bxe7 Qxe7 44. Qxh5 Qf7 45. Rf3 Qe8 46. Rh3 Qh8 47.
Qxg6+ Kxg6 48. Rxh8 Kf5 49. Rb8 Kxe5 50. Rxb6 Kd4 51. Rxe6 Kc3 52. Re3+ Kb4 53.
f4 Ka3 54. f5 Kb4 55. f6 Ka3 56. f7 Kb4 57. f8=Q Ka3 58. Qxc5+ Kb2 59. b4 axb4
60. Qxb4+ Kc2 61. Qe1 Kb2 62. Qd2+ Kb1 63. Re1# 1-0

[Event "NZ Junior 2011"]
[Site "?"]
[Date "2011.07.28"]
[Round "6.4"]
[White "Huang, Alex"]
[Black "Qin, Joy"]
[Result "1-0"]
[WhiteElo "2028"]
[BlackElo "1251"]
[PlyCount "29"]
[EventDate "2011.07.29"]
[SourceDate "2011.07.29"]

1. e4 e6 2. d4 d5 3. Nc3 Bb4 4. e5 c5 5. Bd2 f6 6. Qg4 Qd7 7. Nb5 Bxd2+ 8. Kxd2
fxe5 9. dxe5 Nc6 10. Nd6+ Kd8 11. f4 g6 12. Nf3 a6 13. Ng5 Nh6 14. Qh4 Nf5 15.
Nxe6# 1-0

[Event "NZ Junior 2011"]
[Site "?"]
[Date "2011.07.28"]
[Round "6.5"]
[White "Zhu, Leo"]
[Black "Jia, Hao"]
[Result "0-1"]
[WhiteElo "1625"]
[BlackElo "1781"]
[PlyCount "98"]
[EventDate "2011.07.29"]
[SourceDate "2011.07.29"]

1. e4 c5 2. Nf3 Nc6 3. d4 cxd4 4. Nxd4 Nf6 5. Nc3 e5 6. Ndb5 d6 7. Nd5 Nxd5 8.
exd5 Ne7 9. c4 a6 10. Nc3 Ng6 11. Be2 Be7 12. O-O O-O 13. Be3 f5 14. f4 e4 15.
b4 b6 16. Na4 Rb8 17. c5 dxc5 18. bxc5 bxc5 19. Nxc5 Bxc5 20. Bxc5 Re8 21. Bc4
Kh8 22. d6 Qd7 23. Bb3 Bb7 24. Rc1 Bc6 25. Bd4 Rbc8 26. Rxc6 Rxc6 27. Ba4 Qxd6
28. Bxg7+ Kxg7 29. Qxd6 Rxd6 30. Bxe8 Rd2 31. Rf2 Rd1+ 32. Rf1 Rxf1+ 33. Kxf1
Nxf4 34. g3 Ng6 35. Ke2 Kf6 36. Ke3 Ke5 37. Bc6 a5 38. h4 Ne7 39. Be8 Nd5+ 40.
Kd2 Kd4 41. Bf7 Nf6 42. Be6 Ke5 43. Bf7 f4 44. gxf4+ Kxf4 45. Bb3 Kg4 46. Bc2
Kxh4 47. Ke3 Kg4 48. Bxe4 Nxe4 49. Kxe4 h5 {White resigns} 0-1

[Event "NZ Junior 2011"]
[Site "?"]
[Date "2011.07.28"]
[Round "6.6"]
[White "Zhang, Leo"]
[Black "Kolev, Hristo"]
[Result "1-0"]
[WhiteElo "1554"]
[BlackElo "1567"]
[PlyCount "55"]
[EventDate "2011.07.29"]
[SourceDate "2011.07.29"]

1. e4 c5 2. Nf3 d6 3. d4 cxd4 4. Nxd4 Nf6 5. Nc3 a6 6. f3 e5 7. Nb3 Be7 8. Be3
Be6 9. Qd2 Nbd7 10. O-O-O h5 11. Be2 b5 12. a3 b4 13. axb4 Bxb3 14. cxb3 Rb8
15. Bxa6 Rxb4 16. Kc2 Qb8 17. Bc4 Nb6 18. Bxb6 Qxb6 19. Ra1 Qd4 20. Ra8+ Bd8
21. Nb5 Qxd2+ 22. Kxd2 d5 23. exd5 Nxd5 24. Bxd5 Ke7 25. Bc4 Kd7 26. Kc3 Rxc4+
27. bxc4 e4 28. Rd1+ {Black resigns} 1-0

[Event "NZ Junior 2011"]
[Site "?"]
[Date "2011.07.28"]
[Round "6.7"]
[White "Lam, Byron"]
[Black "Zhu, Karl"]
[Result "0-1"]
[WhiteElo "1582"]
[BlackElo "1488"]
[PlyCount "116"]
[EventDate "2011.07.29"]
[SourceDate "2011.07.29"]

1. e4 c5 2. c3 Nf6 3. e5 Nd5 4. d4 cxd4 5. cxd4 Nc6 6. Nf3 d6 7. Bc4 Nb6 8. Bb5
dxe5 9. Nxe5 Bd7 10. Nxd7 Qxd7 11. Be3 e6 12. O-O Be7 13. Nc3 O-O 14. Qg4 Bf6
15. Rfd1 Qe7 16. Ne4 Bh4 17. Nc5 a6 18. Be2 Nd5 19. Bd2 f5 20. Qh3 Nxd4 21. Bf1
Bxf2+ 22. Kxf2 Qxc5 23. Be3 Nxe3 24. Qxe3 e5 25. Rac1 Qb6 26. b3 f4 27. Bc4+
Kh8 28. Qe4 Nxb3+ 29. Kf1 Nxc1 30. Rxc1 Qe3 31. Qxe3 fxe3+ 32. Ke2 b5 33. Bd5
Rad8 34. Rd1 Rf2+ 35. Kxe3 Rxa2 36. Rd3 Ra4 37. h3 g6 38. g4 Rd4 39. Rxd4 exd4+
40. Kxd4 Rxd5+ 41. Kxd5 b4 42. Kc4 a5 43. Kb3 g5 44. Ka4 Kg7 45. Kb3 Kf6 46.
Kc4 Ke5 47. Kd3 b3 48. Kc3 a4 49. Kb2 Kd4 50. h4 gxh4 51. g5 h3 52. g6 hxg6 53.
Ka3 h2 54. Kb2 h1=Q 55. Ka3 Kc3 56. Kxa4 Qc6+ 57. Ka5 Qb7 58. Ka4 Qb4# 0-1

[Event "NZ Junior 2011"]
[Site "?"]
[Date "2011.07.28"]
[Round "6.8"]
[White "Kong-Lim, Qi Le"]
[Black "Qian, Bella"]
[Result "1-0"]
[WhiteElo "1535"]
[BlackElo "973"]
[PlyCount "127"]
[EventDate "2011.07.29"]
[SourceDate "2011.07.29"]

1. e4 e6 2. d4 d5 3. e5 c5 4. c3 Nc6 5. f4 Bd7 6. Nf3 Rc8 7. Be2 cxd4 8. cxd4
Qb6 9. O-O f6 10. b3 Nb4 11. Na3 Be7 12. Bb2 f5 13. Qd2 Nh6 14. h3 O-O 15. Ng5
Be8 16. Bc3 Nc6 17. Nc2 Bg6 18. Nxe6 Rfe8 19. Ng5 Nf7 20. Nxf7 Bxf7 21. Ne3 g6
22. Bf3 Rcd8 23. Bb2 Be6 24. Be2 Bh4 25. g4 Kh8 26. g5 Kg7 27. Ng2 Bg3 28. Rf3
Bxf4 29. Nxf4 Bf7 30. Rff1 Kg8 31. Kh1 Rc8 32. Bf3 Rcd8 33. Rfc1 Kh8 34. Qe3
Kg8 35. Rc5 Nb4 36. Ba3 Nc6 37. Nxd5 Bxd5 38. Bxd5+ Kh8 39. Bxc6 bxc6 40. Rac1
Rc8 41. d5 cxd5 42. Rxc8 Rxc8 43. Rxc8+ Kg7 44. Qxb6 axb6 45. Be7 d4 46. Bf6+
Kf7 47. Rd8 f4 48. Rxd4 f3 49. Rf4 f2 50. a4 b5 51. axb5 f1=Q+ 52. Rxf1 Ke6 53.
b6 Kd5 54. b7 Ke4 55. b8=Q h6 56. gxh6 Ke3 57. e6 Ke4 58. Qe5+ Kd3 59. Rf3+ Kd2
60. Qc3+ Ke2 61. Bg7 Kd1 62. Qb2 Ke1 63. Rc3 Kd1 64. Rc1# 1-0